000 00295 a2200121 4500
001 63586
082 _a303.490905 KEN
090 _c37580
_d37580
100 _aKennedy Paul
245 _aPreparing for the twenty-first Century
260 _aLondon
_bFontana press
_c1994
300 _a428p
942 _aNUST-CAE
_k303.490905 KEN
999 _c298659
_d298659